000 01012naa a22002897a 4500
001 BR8405352
003 BR-BrBNA
005 20250721154450.0
007 ta
008 250630b bl.|||m| |||| 00| 0 por d
040 _aBR-BrBNA
_bpor
_cBiblioteca Nacional de Agricultura
041 _a(Pt)
072 _aF30
_b0120
090 _aF30 BR8405352
100 1 _aPacheco, C.A.P.
100 1 _aLazarotto, N.J.
245 1 _aEnsaio nacional de milho normal 1982/83 [Zea mays]
500 _aResultados de pesquisa com a cultura do milho em 1983 Dourados, MS (Brasil): 1984. p. 10-12 (BR8405352-AMS)
773 0 _tResultados de pesquisa com a cultura do milho em 1983
_wF30 BR8405352
_gDourados, MS (Brasil), 1984. p. 10-12
650 _aMILHO
650 _aVARIEDADE
650 _aACLIMATACAO
650 _aINTRODUCAO DE PLANTA
490 _aDocumentos - Unidade de Execucao de Pesquisa de Ambito Estadual de Dourados (Brazil)
_vno. 11
942 _cAMS
_2AGRIS
909 _a202506
_bLúcia
_c55
_dLúcia Elande
999 _c334963
_d334963